| 000 | 00000nam 2200000zi 4500 |
| 001 | 9.935685 |
| 003 | CaOODSP |
| 005 | 20250623104237 |
| 006 | m o d f |
| 007 | cr mn||||||||| |
| 008 | 240320t20242024onca o f000 0 fre d |
| 020 | |a9780660709154 |
| 040 | |aCaOODSP|bfre|erda|cCaOODSP |
| 043 | |an-cn--- |
| 045 | |ay2y2 |
| 086 | 1 |aCP22-215/2024F-PDF |
| 245 | 02|aL'enquête sur la santé, les attitudes et les connaissances comportementales (SACC) : |brapport final / |cprésenté au Bureau du Conseil privé (BCP) ; préparé par Léger. |
| 246 | 3 |aEnquête sur la santé, les attitudes et les connaissances comportementales (SACC) : |brapport méthodologique |
| 264 | 1|aOttawa (ON) : |bGouvernement du Canada, Bureau du Conseil privé = Government of Canada, Privy Council Office, |c2024. |
| 264 | 4|c©2024 |
| 300 | |a1 ressource en ligne (123 pages) : |billustrations + |esommaire (8 pages non numérotées) |
| 336 | |atexte|btxt|2rdacontent/fre |
| 337 | |ainformatique|bc|2rdamedia/fre |
| 338 | |aressource en ligne|bcr|2rdacarrier/fre |
| 500 | |aPublié aussi en français sous le titre : Health, attitudes, and behavioural insights tracker (HABIT) survey: final report. |
| 500 | |aLes fichiers de publication en format PDF ont été remplacés le 03 janvier 2025 à la requête du Bureau du Conseil privé. |
| 500 | |aTitre de la couverture. |
| 500 | |a« Numéro de contrat : 35035-23-0995. » |
| 500 | |a« Numéro d'enregistrement : POR #030-23. » |
| 500 | |a« Date de livraison : 27 mars, 2023. » |
| 650 | 6|aAttitudes à l'égard de la santé|zCanada. |
| 650 | 6|aSanté mentale|zCanada|xOpinion publique. |
| 650 | 6|aSoins médicaux|zCanada|xOpinion publique. |
| 650 | 6|aSoins de santé mentale|zCanada|xOpinion publique. |
| 650 | 6|aHabitudes sanitaires|zCanada|xOpinion publique. |
| 650 | 6|aMaladies infectieuses|zCanada|xPrévention|xOpinion publique. |
| 650 | 6|aVaccination|zCanada|xOpinion publique. |
| 650 | 6|aOpinion publique|zCanada. |
| 710 | 1 |aCanada. |bBureau du Conseil privé, |eorganisme de publication. |
| 710 | 2 |aLéger Marketing, |econsultant. |
| 775 | 08|tHealth, attitudes, and behavioural insights tracker (HABIT) survey : |w(CaOODSP)9.935684 |
| 794 | |tEnquête sur la santé, les attitudes et les connaissances comportementales (SACC) : |w(CaOODSP)9.952586 |
| 856 | 40|qPDF|s1.49 Mo|uhttps://publications.gc.ca/collections/collection_2024/bcp-pco/CP22-215-2024-fra.pdf|z(rapport final) |
| 856 | 40|qPDF|s348 Ko|uhttps://publications.gc.ca/collections/collection_2024/bcp-pco/CP22-215-2024-1-fra.pdf|z(sommaire) |
| 856 | 4 |qHTML|sS.O.|uhttps://epe.bac-lac.gc.ca/100/200/301/pwgsc-tpsgc/por-ef/privy_council/2024/030-23-f/POR030-23-rapport.htm|z(rapport final) |
| 856 | 4 |qHTML|sS.O.|uhttps://epe.bac-lac.gc.ca/100/200/301/pwgsc-tpsgc/por-ef/privy_council/2024/030-23-f/sommaire/POR030-23-sommaire.htm|z(sommaire) |
| 856 | 4 |qHTML|sS.O.|uhttps://epe.bac-lac.gc.ca/100/200/301/pwgsc-tpsgc/por-ef/privy_council/2024/030-23-f/index.html|z(ensemble de données complet) |